| 000 | 01279nam a2200265Ia 4500 | ||
|---|---|---|---|
| 999 |
_c56424 _d56424 |
||
| 001 | 23537 | ||
| 003 | GE_BSU | ||
| 005 | 20191002154642.0 | ||
| 008 | 181216s2018||||ge |||||||||||||| ||geo|| | ||
| 020 | _a9789941262814 | ||
| 040 | _cGE_BSU | ||
| 041 | _ageo | ||
| 080 | _a004+372.3 გ-30 | ||
| 100 |
_aგელაძე, დარეჯან. _94450 |
||
| 245 |
_aინფორმაციულ-საკომუნიკაციო ტექნოლოგიების ინტეგრირება პედაგოგიურ პრაქტიკასთან : _bდამხმარე სახელმძღვანელო / _cრედ : გურამ ჩაჩანიძე ; დიზაინ : ასლან დუმბაძე. |
||
| 264 |
_aთბილისი : _bუნივერსალი, _c2018. |
||
| 300 |
_a448 გვ .: _bილ . ; _c21 სმ. |
||
| 504 | _aბიბლ.გვ.429-445 | ||
| 541 | _h45 ლ. | ||
| 653 | _aკომუნიკაცია | ||
| 653 | _aპედაგოგიკა | ||
| 700 |
_aჩაჩანიძე , გურამ _eრედაქტორი _9851 |
||
| 700 |
_aდუმბაძე , ასლან _eდიზაინერი _94451 |
||
| 942 |
_cBK _2udc |
||